000 01131pam a2200361 a 4500
001 6033
003 FISKH
005 20250226083808.0
008 950919s1996 nyua j 000 1 eng
010 _a 95042936
020 _a0812096622
020 _a9780340607732
040 _aDLC
_cDLC
_dDLC
_beng
050 _aPZ7.B1405
082 _a 823.914
100 1 _aDaniels, Lucy
_d(1958-)
245 1 0 _aGoat in the garden /
_cLucy Daniels ; illustrations by Shelagh McNicholas.
250 _aThis edition first published in 1994
260 _aLondon :
_bHodder Headline,
_c1994.
300 _a154 pages :
_billustrations ;
_c20 cm.
490 1 _aAnimal Ark series ;
_v4
505 _aP
520 _aHoudini the goat gets in big trouble, and Mandy and James vow to save him.
521 8 _a630
_bLexile
521 8 _aP
_bRaz-Plus
650 1 _aGoats
_xFiction.
650 1 _aAnimal Ark
_xProfession-farmers
700 1 _aMcNicholas, Shelagh
_eillustrator
800 1 _aDaniels, Lucy.
_tAnimal Ark series ;
_v4.
906 _a7
_bcbc
_corignew
_d1
_eocip
_f19
_gy-gencatlg
942 _2ddc
_cBK
_n0
999 _c6033
_d6033